Inovácia značky verzus koncept lovemarks bakalárska práca

Salvato in:
Dettagli Bibliografici
Autore principale: Bartalský, Dominik
Ente Autore: Obchodná fakulta EU. Katedra tovaroznalectva a kvality tovaru
Altri autori: Rogovská, Vanda
Natura: Libro
Lingua:slovacco
Pubblicazione: Bratislava 2016
Tags: Aggiungi Tag
Nessun Tag, puoi essere il primo ad aggiungerne!!

MARC

LEADER 00000nbm a2200000 4500
001 0218785
005 20161201113521.8
041 0 |a slo 
044 |a SK 
245 1 0 |a Inovácia značky verzus koncept lovemarks  |b bakalárska práca  |c Dominik Bartalský ; školiteľ: Vanda Rogovská 
264 1 |a Bratislava  |c 2016 
300 |a 40 s. 
100 1 |a Bartalský, Dominik 
700 1 |a Rogovská, Vanda 
710 2 |a Obchodná fakulta EU. Katedra tovaroznalectva a kvality tovaru